[Event "SE-2011-0-00092"]
[Site "LSS email"]
[Date "2011.11.08"]
[Round "?"]
[White "Ruslin, Alexey"]
[Black "Moreno Roman, Alejandro"]
[Result "0-1"]
[WhiteElo "1113"]
[BlackElo "1173"]
[PlyCount "38"]
[EventDate "2011.10.19"]
[EventType "tourn (corr)"]
[EventRounds "6"]
[EventCountry "GER"]
[SourceTitle "Telechess CBM 153"]
[Source "ChessBase"]
[SourceDate "2013.03.14"]
[SourceVersion "1"]
[SourceVersionDate "2013.03.14"]
[SourceQuality "1"]

1. d4 c6 2. Nf3 d5 3. b3 Nf6 4. Bb2 e6 5. a3 Bd6 6. e3 0-0 7. Nbd2 Nbd7 8. Bd3 c5 9. Ne5 cxd4 10. exd4 a6 11. Ndf3 b5 12. 0-0 Bb7 13. Qe2 Qe7 14. c3 Rfc8 15. Ng5 Rf8 16. a4 h6 17. Ngf3 bxa4 18. Rxa4 a5 19. Rfa1 Bc7 0-1

[Event "SE-2011-0-00091"]
[Site "LSS email"]
[Date "2011.11.07"]
[Round "?"]
[White "Albesa, Alfredo Ricardo"]
[Black "Ruslin, Alexey"]
[Result "1-0"]
[WhiteElo "1618"]
[BlackElo "1113"]
[PlyCount "35"]
[EventDate "2011.10.16"]
[EventType "tourn (corr)"]
[EventRounds "6"]
[EventCountry "GER"]
[SourceTitle "Corr 2015"]
[Source "ChessBase"]
[SourceDate "2015.07.17"]
[SourceVersion "1"]
[SourceVersionDate "2015.07.17"]
[SourceQuality "1"]

1. e4 c6 2. d4 d5 3. exd5 cxd5 4. Nf3 Nc6 5. Bb5 Qb6 6. c4 dxc4 7. Nc3 e6 8. Ne5 Bb4 9. Qa4 Bxc3+ 10. bxc3 Nge7 11. Ba3 Nd5 12. Nxc4 Qc7 13. Nd6+ Kd8 14. c4 Nc3 15. Qb3 Nxb5 16. Nxb5 Qf4 17. 0-0 Rg8 18. Rad1 1-0

[Event "SE-2011-0-00091"]
[Site "LSS email"]
[Date "2011.11.07"]
[Round "?"]
[White "Couspeyre, Thierry"]
[Black "Ruslin, Alexey"]
[Result "1-0"]
[WhiteElo "1202"]
[BlackElo "1113"]
[PlyCount "43"]
[EventDate "2011.10.16"]
[EventType "tourn (corr)"]
[EventRounds "6"]
[EventCountry "GER"]
[SourceTitle "Telechess CBM 165"]
[Source "ChessBase"]
[SourceDate "2015.03.11"]
[SourceVersion "1"]
[SourceVersionDate "2015.03.11"]
[SourceQuality "1"]

1. e4 c6 2. d4 d5 3. exd5 cxd5 4. c4 Nf6 5. Nc3 e6 6. a3 Be7 7. Nf3 0-0 8. c5 Ne4 9. Qc2 f5 10. Bd3 Bf6 11. Bf4 Nc6 12. 0-0 Bxd4 13. Nb5 Bf6 14. Nc7 e5 15. Nxa8 exf4 16. Rad1 Be6 17. Bc4 Ne7 18. Ba2 Qxa8 19. Nd4 Bxd4 20. Rxd4 Rc8 21. b4 b6 22. f3 1-0

[Event "SE-2011-0-00091"]
[Site "LSS email"]
[Date "2011.11.07"]
[Round "?"]
[White "Ruslin, Alexey"]
[Black "Csaba, Fodor"]
[Result "0-1"]
[WhiteElo "1113"]
[BlackElo "1270"]
[PlyCount "32"]
[EventDate "2011.10.16"]
[EventType "tourn (corr)"]
[EventRounds "6"]
[EventCountry "GER"]
[SourceTitle "Corr 2015"]
[Source "ChessBase"]
[SourceDate "2015.07.17"]
[SourceVersion "1"]
[SourceVersionDate "2015.07.17"]
[SourceQuality "1"]

1. d4 g6 2. Nf3 Bg7 3. b3 Nf6 4. Bb2 d6 5. e3 0-0 6. Bd3 Nbd7 7. 0-0 e5 8. Nbd2 Re8 9. dxe5 Ng4 10. c3 Ngxe5 11. Bc2 a5 12. Nxe5 Nxe5 13. e4 a4 14. bxa4 Bg4 15. f3 Bd7 16. Rb1 Qb8 0-1

[Event "CP-2011-P-00008"]
[Site "LSS email"]
[Date "2011.09.30"]
[Round "?"]
[White "Vodicka, Milan"]
[Black "Ruslin, Alexey"]
[Result "1/2-1/2"]
[WhiteElo "1991"]
[BlackElo "1113"]
[PlyCount "65"]
[EventDate "2011.10.01"]
[EventType "tourn (corr)"]
[EventRounds "6"]
[EventCountry "GER"]
[SourceTitle "Telechess CBM 155"]
[Source "ChessBase"]
[SourceDate "2013.07.16"]
[SourceVersion "1"]
[SourceVersionDate "2013.07.16"]
[SourceQuality "1"]

1. d4 e6 2. c4 b6 3. Nc3 Bb7 4. e4 Bb4 5. Bd3 f5 6. Qh5+ g6 7. Qe2 Nf6 8. f3 Nc6 9. Be3 fxe4 10. fxe4 e5 11. Nf3 exd4 12. Nxd4 Ne5 13. 0-0 Bxc3 14. bxc3 Nfg4 15. Bf4 Qe7 16. h3 Nf6 17. Bg5 0-0 18. Bc2 Qd6 19. c5 bxc5 20. Nb5 Qa6 21. a4 Qc6 22. Nxc7 Rab8 23. Nb5 a6 24. Na7 Qe6 25. Rab1 c4 26. a5 d6 27. Bxf6 Rxf6 28. Rxf6 Qxf6 29. Ba4 Qd8 30. Nc6 Bxc6 31. Rxb8 Qxb8 32. Bxc6 Qb1+ 33. Kh2 1/2-1/2

[Event "ZL-2011-0-00960"]
[Site "LSS email"]
[Date "2011.07.29"]
[Round "?"]
[White "Pons, Francisco"]
[Black "Ruslin, Alexey"]
[Result "0-1"]
[WhiteElo "1166"]
[BlackElo "1113"]
[PlyCount "78"]
[EventDate "2011.07.21"]
[EventType "match (corr)"]
[EventRounds "2"]
[EventCountry "GER"]
[SourceTitle "Telechess CBM 155"]
[Source "ChessBase"]
[SourceDate "2013.07.16"]
[SourceVersion "1"]
[SourceVersionDate "2013.07.16"]
[SourceQuality "1"]

1. e4 c6 2. d4 d5 3. exd5 cxd5 4. c4 Nf6 5. Nc3 Nc6 6. Bg5 e6 7. c5 h6 8. Bf4 Be7 9. Nb5 Qa5+ 10. Qd2 Qxd2+ 11. Bxd2 0-0 12. Bf4 Nb4 13. Nc7 Nc2+ 14. Kd1 Nxa1 15. Nxa8 Ne4 16. Be3 Bd7 17. Nc7 Ba4+ 18. Kc1 Nc2 19. b3 Nxe3 20. fxe3 Bxb3 21. axb3 Nf2 22. Nh3 Nxh1 23. Kd1 a6 24. b4 Rc8 25. Nxa6 bxa6 26. Bxa6 Ra8 27. b5 Kf8 28. Ke1 g5 29. g4 f5 30. gxf5 exf5 31. Kf1 f4 32. exf4 g4 33. Nf2 Nxf2 34. Kxf2 h5 35. c6 Bd8 36. Kg3 Ke7 37. Kh4 Ke6+ 38. Kxh5 Kf5 39. Bb7 Rb8 0-1

[Event "LSS RF-2011-0-00087"]
[Site "LSS email"]
[Date "2011.07.29"]
[Round "?"]
[White "Ruslin, Alexey"]
[Black "Glanze, Rudolf"]
[Result "1-0"]
[WhiteElo "1206"]
[BlackElo "1314"]
[PlyCount "96"]
[EventDate "2011.06.15"]
[EventType "tourn (corr)"]
[EventRounds "6"]
[EventCountry "GER"]
[SourceTitle "Telechess CBM 149"]
[Source "ChessBase"]
[SourceDate "2012.07.17"]
[SourceVersion "1"]
[SourceVersionDate "2012.07.17"]
[SourceQuality "1"]

1. d4 f5 2. Nf3 Nf6 3. b3 e6 4. a3 Be7 5. Bb2 d5 6. e3 0-0 7. Bd3 Ne4 8. Nbd2 Bf6 9. 0-0 c5 10. Ne5 cxd4 11. exd4 Bd7 12. Ndf3 Be8 13. Re1 Bh5 14. Qc1 Bxf3 15. Nxf3 Nc6 16. Ne5 Nxe5 17. dxe5 Bg5 18. Qd1 Bd2 19. Rf1 Bc3 20. Bxc3 Nxc3 21. Qd2 Rc8 22. Rfe1 b5 23. Qf4 d4 24. Be2 Rf7 25. Rac1 Rfc7 26. Bd3 a5 27. Ra1 Qd5 28. Qh4 g5 29. Qh5 Rg7 30. b4 a4 31. Qh6 Rg6 32. Qh5 Kg7 33. Qh3 h5 34. Be2 h4 35. Bd3 Rh8 36. Bf1 g4 37. Qd3 f4 38. Rad1 Rd8 39. Ra1 f3 40. Rad1 Nxd1 41. Rxd1 fxg2 42. Bxg2 Qxe5 43. c3 g3 44. fxg3 hxg3 45. cxd4 Qf4 46. Qe4 gxh2+ 47. Kh1 Qxe4 48. Bxe4 Rg1+ 1-0

[Event "BI-2010-F-00018"]
[Site "LSS email"]
[Date "2011.02.21"]
[Round "?"]
[White "Feng, Jason"]
[Black "Ruslin, Alexey"]
[Result "1-0"]
[WhiteElo "915"]
[BlackElo "1206"]
[PlyCount "113"]
[EventDate "2011.02.24"]
[EventType "tourn (corr)"]
[EventRounds "10"]
[EventCountry "GER"]
[SourceTitle "Telechess CBM 151"]
[Source "ChessBase"]
[SourceDate "2012.11.13"]
[SourceVersion "1"]
[SourceVersionDate "2012.11.13"]
[SourceQuality "1"]

1. e4 c6 2. d4 d5 3. Nc3 dxe4 4. Nxe4 Nf6 5. Ng5 h6 6. N5f3 Bf5 7. Bd3 Bxd3 8. Qxd3 e6 9. Ne2 Bd6 10. Be3 0-0 11. 0-0-0 Ng4 12. h3 Nxe3 13. fxe3 Nd7 14. Nc3 Nf6 15. Ne4 Nxe4 16. Qxe4 Qc7 17. Rdf1 c5 18. g4 cxd4 19. exd4 Rac8 20. Rf2 b5 21. g5 Bf4+ 22. Kb1 hxg5 23. h4 Qc6 24. Qxc6 Rxc6 25. hxg5 Rd8 26. c3 a5 27. Ne5 Bxe5 28. dxe5 Kf8 29. Rh8+ Ke7 30. Rxd8 Kxd8 31. Rxf7 Rc7 32. Rf4 Ke8 33. Kc2 Rf7 34. Rxf7 Kxf7 35. Kd3 Kg6 36. Ke4 Kxg5 37. b3 Kg6 38. c4 bxc4 39. bxc4 Kf7 40. Kf4 Ke7 41. Kg5 Kd7 42. Kg6 Kc6 43. Kxg7 a4 44. Kf6 Kc5 45. Kxe6 a3 46. Kd7 Kxc4 47. e6 Kc3 48. e7 Kb2 49. e8Q Kxa2 50. Qe2+ Ka1 51. Qd1+ Kb2 52. Qd2+ Kb3 53. Qc1 a2 54. Qa1 Ka3 55. Kc6 Kb3 56. Kd5 Ka3 57. Kc4 1-0

[Event "BI-2010-F-00018"]
[Site "LSS email"]
[Date "2011.02.21"]
[Round "?"]
[White "Ruslin, Alexey"]
[Black "Csoma, Balint"]
[Result "1/2-1/2"]
[WhiteElo "1206"]
[BlackElo "1120"]
[PlyCount "54"]
[EventDate "2011.02.24"]
[EventType "tourn (corr)"]
[EventRounds "10"]
[EventCountry "GER"]
[SourceTitle "Telechess CBM 151"]
[Source "ChessBase"]
[SourceDate "2012.11.13"]
[SourceVersion "1"]
[SourceVersionDate "2012.11.13"]
[SourceQuality "1"]

1. d4 Nf6 2. Nf3 c5 3. e3 g6 4. b3 Bg7 5. Bb2 0-0 6. Bd3 d5 7. 0-0 cxd4 8. exd4 Bg4 9. Nbd2 Nc6 10. a3 Rc8 11. h3 Bxf3 12. Nxf3 Qc7 13. Re1 Rfe8 14. Rc1 Nd7 15. c4 e6 16. cxd5 exd5 17. Qd2 Qb6 18. Bc2 Na5 19. Rxe8+ Rxe8 20. Qd1 Rc8 21. Ne5 Nxe5 22. dxe5 Nc6 23. Qxd5 Rd8 24. Qf3 Bxe5 25. Bxe5 Nxe5 26. Qg3 Nc6 27. b4 a5 1/2-1/2

[Event "LSS RF-2010-0-00069"]
[Site "LSS email"]
[Date "2011.01.28"]
[Round "?"]
[White "Lombardi, Donato"]
[Black "Ruslin, Alexey"]
[Result "0-1"]
[WhiteElo "775"]
[BlackElo "1046"]
[PlyCount "54"]
[EventDate "2010.12.25"]
[EventType "tourn (corr)"]
[EventRounds "6"]
[EventCountry "GER"]
[SourceTitle "Telechess CBM 147"]
[Source "ChessBase"]
[SourceDate "2012.03.16"]
[SourceVersion "1"]
[SourceVersionDate "2012.03.16"]
[SourceQuality "1"]

1. e4 c6 2. d4 d5 3. exd5 cxd5 4. Bd3 Nc6 5. Nf3 Bg4 6. c3 e6 7. 0-0 Bd6 8. Be3 Qc7 9. Nbd2 Bxh2+ 10. Kh1 Bd6 11. Qc2 Nf6 12. Rfe1 0-0 13. Bg5 Bxf3 14. Nxf3 h6 15. Bxf6 gxf6 16. Qd2 Bf4 17. Qc2 f5 18. Rad1 Kh7 19. Ne5 Nxe5 20. Bxf5+ Ng6 21. Bxg6+ fxg6 22. Rxe6 Qf7 23. Rde1 Rae8 24. Rxe8 Rxe8 25. Rd1 Qe7 26. Qb3 Qh4+ 27. Kg1 Qh2+ 0-1

[Event "LSS RF-2010-0-00069"]
[Site "LSS email"]
[Date "2011.01.28"]
[Round "?"]
[White "Ruslin, Alexey"]
[Black "Verich, Oleg"]
[Result "1-0"]
[WhiteElo "1046"]
[BlackElo "971"]
[PlyCount "85"]
[EventDate "2010.12.25"]
[EventType "tourn (corr)"]
[EventRounds "6"]
[EventCountry "GER"]
[SourceTitle "Telechess CBM 147"]
[Source "ChessBase"]
[SourceDate "2012.03.16"]
[SourceVersion "1"]
[SourceVersionDate "2012.03.16"]
[SourceQuality "1"]

1. d4 Nf6 2. Nf3 e6 3. a3 Be7 4. b3 0-0 5. Bb2 b6 6. e3 Bb7 7. Nbd2 c5 8. Bd3 d6 9. 0-0 Nbd7 10. dxc5 Nxc5 11. Be2 Nfe4 12. Nxe4 Nxe4 13. Bd3 Rc8 14. Nd4 Bf6 15. Rb1 Nc3 16. Bxc3 Rxc3 17. Nb5 Rc5 18. Nxd6 Ba8 19. Ne4 Re5 20. Nxf6+ Qxf6 21. f4 Rc5 22. Rf2 Qe7 23. Qe2 Rfc8 24. Rc1 Rc3 25. a4 a5 26. Bc4 Bd5 27. Qd2 Qb4 28. Ba6 Rb8 29. f5 Rc7 30. c4 Qxd2 31. Rxd2 Be4 32. fxe6 fxe6 33. Rd4 Bg6 34. Bb5 e5 35. Rd5 Re7 36. c5 Be4 37. Rd2 bxc5 38. Rxc5 Ra8 39. Bc4+ Kf8 40. Rf2+ Ke8 41. Bb5+ Rd7 42. Rxe5+ Kd8 43. Bxd7 1-0

[Event "LSS RF-2010-0-00065"]
[Site "LSS email"]
[Date "2010.12.26"]
[Round "?"]
[White "Hilton, Stephen H"]
[Black "Ruslin, Alexey"]
[Result "1-0"]
[WhiteElo "947"]
[BlackElo "1005"]
[PlyCount "67"]
[EventDate "2010.11.15"]
[EventType "tourn (corr)"]
[EventRounds "6"]
[EventCountry "GER"]
[SourceTitle "Telechess CBM 145"]
[Source "Chessbase"]
[SourceDate "2011.11.11"]
[SourceVersion "1"]
[SourceVersionDate "2011.11.11"]
[SourceQuality "1"]

1. Nf3 d5 2. c4 Nf6 3. g3 Bf5 4. Bg2 c6 5. b3 Nbd7 6. 0-0 h6 7. Bb2 e6 8. d3 Be7 9. Nbd2 0-0 10. Re1 Nb6 11. Rc1 c5 12. cxd5 exd5 13. d4 Rc8 14. dxc5 Bxc5 15. Rxc5 Rxc5 16. Ba3 Rc2 17. Bxf8 Kxf8 18. Nd4 Rxd2 19. Qxd2 Bg6 20. Rc1 Ne4 21. Qe3 Qd7 22. f3 Nf6 23. Qc3 Ne8 24. Qc5+ Kg8 25. Nb5 a6 26. Nd4 Qd8 27. a4 Na8 28. a5 Nac7 29. Bh3 Kh8 30. Bf5 Bxf5 31. Nxf5 Ne6 32. Qc8 Qxc8 33. Rxc8 N6c7 34. Nd6 1-0

[Event "LSS RF-2010-0-00065"]
[Site "LSS email"]
[Date "2010.12.19"]
[Round "?"]
[White "Morin Montoya, Heron"]
[Black "Ruslin, Alexey"]
[Result "0-1"]
[WhiteElo "953"]
[BlackElo "1005"]
[PlyCount "82"]
[EventDate "2010.11.15"]
[EventType "tourn (corr)"]
[EventRounds "6"]
[EventCountry "GER"]
[SourceTitle "Telechess CBM 145"]
[Source "Chessbase"]
[SourceDate "2011.11.11"]
[SourceVersion "1"]
[SourceVersionDate "2011.11.11"]
[SourceQuality "1"]

1. e4 c6 2. d4 d5 3. e5 Bf5 4. h4 h5 5. Bg5 f6 6. exf6 Nxf6 7. Nf3 Nbd7 8. c4 Qb6 9. b3 0-0-0 10. c5 Qc7 11. Be2 e5 12. b4 Re8 13. 0-0 Ne4 14. a4 Nxg5 15. Nxg5 exd4 16. Bxh5 g6 17. Bxg6 Bxg6 18. Qxd4 Be7 19. Qg4 Bf6 20. Ra3 Re4 21. Nxe4 Rxh4 22. Qg3 Bxe4 23. Qxc7+ Kxc7 24. Nd2 Bf5 25. Rf3 Bc2 26. a5 Be5 27. g3 Rxb4 28. Rf7 Bc3 29. Rc1 Bxd2 30. Rxc2 Rb1+ 31. Kg2 Bxa5 32. g4 Kd8 33. f4 Ke8 34. Rf5 Bb4 35. Kg3 a5 36. Re2+ Kd8 37. g5 Bxc5 38. g6 Rg1+ 39. Rg2 Rxg2+ 40. Kxg2 Bd4 41. Rg5 Bg7 0-1

[Event "LSS SF-2010-0-00080"]
[Site "LSS email"]
[Date "2010.12.17"]
[Round "?"]
[White "De Booy, Marco"]
[Black "Ruslin, Alexey"]
[Result "0-1"]
[WhiteElo "1047"]
[BlackElo "1113"]
[PlyCount "160"]
[EventDate "2010.10.27"]
[EventType "tourn (corr)"]
[EventRounds "6"]
[EventCountry "GER"]
[SourceTitle "Telechess CBM 155"]
[Source "ChessBase"]
[SourceDate "2013.07.16"]
[SourceVersion "1"]
[SourceVersionDate "2013.07.16"]
[SourceQuality "1"]

1. e4 c6 2. d4 d5 3. Nc3 dxe4 4. Nxe4 Nf6 5. Nxf6+ exf6 6. Bc4 Qe7+ 7. Qe2 Be6 8. Bd3 Nd7 9. Nf3 0-0-0 10. 0-0 Qd6 11. a3 Qc7 12. b4 Bd6 13. c4 Bg4 14. g3 Rde8 15. Qd1 h5 16. Be3 h4 17. Be2 hxg3 18. h4 Bxf3 19. Bxf3 Rxh4 20. Ra2 gxf2+ 21. Bxf2 Rh6 22. Re1 Rg6+ 23. Kf1 Rh8 24. Ke2 f5 25. Kd3 Nf6 26. Rae2 Rh3 27. Re3 f4 28. Re8+ Nxe8 29. Rxe8+ Kd7 30. Re1 Qd8 31. c5 Bc7 32. Kc2 Rxf3 33. Qxf3 Qg5 34. Qh3+ Re6 35. Rg1 Qf6 36. Qf3 Qf5+ 37. Kc3 g5 38. a4 Rh6 39. Kc4 Qc2+ 40. Qc3 Qxf2 41. Rxg5 Qe2+ 42. Qd3 f3 43. Rf5 Qa2+ 44. Qb3 Qe2+ 45. Qd3 Qe6+ 46. Kc3 f2 47. Rxf2 Rh3 48. Rf3 Qe1+ 49. Kb3 Rxf3 50. Qxf3 Qb1+ 51. Kc3 Qc1+ 52. Kb3 Qb1+ 53. Kc3 Qg6 54. a5 b6 55. axb6 axb6 56. Qh3+ Qe6 57. Qf3 bxc5 58. bxc5 Ba5+ 59. Kb2 f5 60. Qf1 Qd5 61. Qd3 f4 62. Qh7+ Kc8 63. Qh8+ Bd8 64. Qh3+ Kb7 65. Kc3 Bf6 66. Qh7+ Ka6 67. Qd3+ Ka5 68. Qd2 Qxc5+ 69. Kd3+ Qb4 70. Qxf4 Qxd4+ 71. Qxd4 Bxd4 72. Kxd4 Kb5 73. Kc3 Kc5 74. Kd3 Kb4 75. Kc2 Kc4 76. Kd2 Kb3 77. Kc1 c5 78. Kb1 c4 79. Kc1 Kc3 80. Kd1 Kb2 0-1

[Event "LSS RF-2010-0-00063"]
[Site "LSS email"]
[Date "2010.12.09"]
[Round "?"]
[White "Ruslin, Alexey"]
[Black "Brenner, Renald"]
[Result "1-0"]
[WhiteElo "957"]
[BlackElo "926"]
[PlyCount "39"]
[EventDate "2010.10.21"]
[EventType "tourn (corr)"]
[EventRounds "6"]
[EventCountry "GER"]
[SourceTitle "Telechess CBM 145"]
[Source "Chessbase"]
[SourceDate "2011.11.11"]
[SourceVersion "1"]
[SourceVersionDate "2011.11.11"]
[SourceQuality "1"]

1. d4 Nf6 2. Nf3 e6 3. a3 c5 4. e3 Nc6 5. b3 d5 6. Bb2 Be7 7. Nbd2 0-0 8. Bd3 Bd7 9. 0-0 Rc8 10. Ne5 a6 11. Ndf3 b5 12. Ng5 h6 13. Ngxf7 Rxf7 14. Nxf7 Kxf7 15. f4 Kg8 16. g4 e5 17. fxe5 Nxg4 18. Qf3 Qf8 19. Qxd5+ Be6 20. Qxe6+ 1-0

[Event "LSS RF-2010-0-00063"]
[Site "LSS email"]
[Date "2010.12.09"]
[Round "?"]
[White "Ruslin, Alexey"]
[Black "Hilton, Stephen H"]
[Result "0-1"]
[WhiteElo "957"]
[BlackElo "1002"]
[PlyCount "56"]
[EventDate "2010.10.21"]
[EventType "tourn (corr)"]
[EventRounds "6"]
[EventCountry "GER"]
[SourceTitle "Telechess CBM 145"]
[Source "Chessbase"]
[SourceDate "2011.11.11"]
[SourceVersion "1"]
[SourceVersionDate "2011.11.11"]
[SourceQuality "1"]

1. d4 Nf6 2. Nf3 g6 3. b3 Bg7 4. Bb2 0-0 5. e3 d6 6. Bd3 Nbd7 7. 0-0 Re8 8. Nbd2 e5 9. dxe5 Nxe5 10. Nxe5 dxe5 11. Nc4 e4 12. Be2 Be6 13. Qxd8 Rexd8 14. Rad1 Nd7 15. Bxg7 Kxg7 16. Rd4 Nf6 17. Rfd1 Rxd4 18. Rxd4 Kf8 19. Nd2 c5 20. Rd6 Ke7 21. Rxe6+ Kxe6 22. Bc4+ Ke7 23. Kf1 Rd8 24. Ke1 a6 25. a4 Rd7 26. h3 Kd6 27. Be2 Ke5 28. Nc4+ Ke6 0-1

[Event "LSS SF-2010-0-00079"]
[Site "LSS email"]
[Date "2010.12.09"]
[Round "?"]
[White "Verich, Oleg"]
[Black "Ruslin, Alexey"]
[Result "1-0"]
[WhiteElo "1106"]
[BlackElo "1113"]
[PlyCount "51"]
[EventDate "2010.10.22"]
[EventType "tourn (corr)"]
[EventRounds "6"]
[EventCountry "GER"]
[SourceTitle "Telechess CBM 157"]
[Source "ChessBase"]
[SourceDate "2013.11.12"]
[SourceVersion "1"]
[SourceVersionDate "2013.11.12"]
[SourceQuality "1"]

1. d4 e6 2. e4 b6 3. Nf3 Bb7 4. Bd3 d6 5. 0-0 Nd7 6. c3 g6 7. Bg5 Ne7 8. Nbd2 Bg7 9. Qc2 0-0 10. Rfe1 h6 11. Bh4 Rc8 12. Rac1 Bf6 13. Bxf6 Nxf6 14. Qb1 c5 15. e5 dxe5 16. dxe5 Nh5 17. Be4 Bxe4 18. Nxe4 Nd5 19. g3 Rc7 20. Rcd1 Rd7 21. Qc1 Kh7 22. Nfd2 Ng7 23. c4 Nb4 24. Nf6+ Kh8 25. Nxd7 Qxd7 26. Ne4 1-0

[Event "LSS RF-2010-0-00061"]
[Site "LSS email"]
[Date "2010.11.16"]
[Round "?"]
[White "Ruslin, Alexey"]
[Black "Verich, Oleg"]
[Result "1/2-1/2"]
[WhiteElo "957"]
[BlackElo "1028"]
[PlyCount "70"]
[EventDate "2010.09.22"]
[EventType "tourn (corr)"]
[EventRounds "6"]
[EventCountry "GER"]
[SourceTitle "Telechess CBM 145"]
[Source "Chessbase"]
[SourceDate "2011.11.11"]
[SourceVersion "1"]
[SourceVersionDate "2011.11.11"]
[SourceQuality "1"]

1. d4 Nf6 2. Nf3 e6 3. a3 Be7 4. b3 0-0 5. Bb2 Nc6 6. e3 d5 7. Bd3 Bd6 8. 0-0 Re8 9. Nbd2 e5 10. dxe5 Nxe5 11. Nxe5 Bxe5 12. Bxe5 Rxe5 13. Nf3 Re8 14. c4 Bg4 15. cxd5 Nxd5 16. h3 Be6 17. Rc1 c6 18. Nd4 Bd7 19. Qf3 Qf6 20. Be4 Qxf3 21. Bxf3 Nf6 22. Rfd1 Ne4 23. Bxe4 Rxe4 24. Nf3 Be6 25. Ng5 Re5 26. Nxe6 Rxe6 27. Rd7 Rb8 28. Rcd1 Kf8 29. Kf1 Ke8 30. Ke2 Re7 31. Rxe7+ Kxe7 32. Rd4 a5 33. Kd3 b5 34. Re4+ Kd6 35. Rd4+ Ke6 1/2-1/2

[Event "LSS SF-2010-0-00076"]
[Site "LSS email"]
[Date "2010.10.27"]
[Round "?"]
[White "Ruslin, Alexey"]
[Black "Raines, David T"]
[Result "1/2-1/2"]
[WhiteElo "1189"]
[BlackElo "1129"]
[PlyCount "64"]
[EventDate "2010.09.30"]
[EventType "tourn (corr)"]
[EventRounds "6"]
[EventCountry "GER"]
[SourceTitle "Telechess CBM 149"]
[Source "ChessBase"]
[SourceDate "2012.07.17"]
[SourceVersion "1"]
[SourceVersionDate "2012.07.17"]
[SourceQuality "1"]

1. d4 d5 2. Nf3 c6 3. b3 Nf6 4. Bb2 g6 5. e3 Bg7 6. Bd3 0-0 7. Nbd2 Nbd7 8. 0-0 Re8 9. c4 e6 10. cxd5 exd5 11. b4 a6 12. Nb3 Qe7 13. Qd2 Ne4 14. Bxe4 dxe4 15. Ne1 Nf6 16. Nc2 Qc7 17. f3 Be6 18. Nc5 Bd5 19. fxe4 Nxe4 20. Nxe4 Bxe4 21. Ne1 Rad8 22. Qf2 f5 23. Nf3 Bh6 24. Rfe1 Bd5 25. Ne5 Rf8 26. Qh4 Bg7 27. a4 Bf6 28. Qg3 Qg7 29. Rac1 Be7 30. Bc3 Bf6 31. Nd3 Rde8 32. Nf4 Be4 1/2-1/2